Reverzné geometrické modelovanie

Saved in:
Bibliographic Details
Main Author: Buranský, Ivan (Author)
Other Authors: (Thesis advisor)
Format: Manuscript Book
Language:Slovak
Published: 2021
Subjects:
Online Access:http://is.stuba.sk/zp/portal_zp.pl?podrobnosti_zp=82788
Tags: Add Tag
No Tags, Be the first to tag this record!

MARC

LEADER 00000ntm a22000003a 4500
001 stuzp82788
003 SK-STU
005 20210612211251.9
007 ta
008 150427s2015----xo-----f-mn---000-0-slo-d
040 |a STU  |b slo 
041 0 |a slo 
100 1 |a Buranský, Ivan  |u 063000  |k Z1  |4 aut  |U MTF Materiálovotechnologická fakulta  |T MTF Ústav výrobných technológií  |X 4587  |U M3000  |Y 83  |7 A000004587 
242 0 1 |a Reverse geometric modelling  |y eng 
245 1 0 |a Reverzné geometrické modelovanie 
260 |c 2021 
650 4 |a rekonštrukcia  |2 slo 
650 4 |a 3D digitalizácia  |2 slo 
650 4 |a 3D CAD model  |2 slo 
650 4 |a reconstruction  |2 eng 
650 4 |a 3D digitizing  |2 eng 
650 4 |a 3D CAD model  |2 eng 
700 1 |a ,  |4 ths  |X null  |7 null 
856 4 |u http://is.stuba.sk/zp/portal_zp.pl?podrobnosti_zp=82788 
996 |c M* HP-142  |l MMSKP  |s P  |a 0  |w stuzp82788_0001